000
00346 a2200169 4500
001
182448
020
_a
85-356-0617-3
040
_c
Magnum
100
_a
Shuravel, May
240
1
0
_a
A fuga da gata
_l
por
245
1
0
_a
A fuga da gata
300
_a
21
362
0
_a
2001
440
1
_a
Paulinas
697
_a
LITERATURA INFANTIL
942
_c
BK
999
_c
182448
_d
182448